MARC детайли
| 000 -Лидер |
| Контролно поле с фиксирана дължина |
02596nam a2200481 a 4500 |
| 001 - Контролен номер на записа |
| Контролно поле |
131640 |
| 003 - Код на организацията, давaща контролен номер |
| Контролно поле |
BLK |
| 005 - Дата и час на последна редакция |
| Контролно поле |
20250127092744.0 |
| 008 - Елементи от данни с фиксирана дължина |
| fixed length control field |
180409b bul|||||r ||||||| ||bul|| |
| 010 ## - Наследен системен номер |
| LC control number |
KNG00137467000 |
| 040 ## - Източник на каталожния запис |
| Идентификатор на билиотеката - собственик на записа |
BLK |
| 041 ## - Код за език |
| Код за езика на текст/звукозапис или на отделно заглавие |
Български |
| Код за езика КДБФ |
Български |
| 072 #7 - Код за тематичната категория |
| Код организация |
bullib |
| Код за тематична категория |
К |
| Текст |
Краезнание |
| 072 #7 - Код за тематичната категория |
| Код организация |
bullib |
| Код за тематична категория |
Ц |
| Текст |
Редки и ценни |
| 080 ## - УДК |
| Текстов определител УДК |
История на България |
| УДК код - определител по УДК |
94(497.2) |
| УДК - код + определител |
94(497.2) |
| 080 ## - УДК |
| Текстов определител УДК |
География на България |
| УДК код - определител по УДК |
913(497.2) |
| УДК - код + определител |
913(497.2) |
| 080 ## - УДК |
| Текстов определител УДК |
Етнология. Етнография. Нрави. Обичаи. Бит. Фолклористика. Вж и 572 ; 903 ; 904 |
| УДК код - определител по УДК |
39 |
| УДК определител |
(497.2) |
| УДК - код + определител |
39(497.2) |
| 100 1# - Редна дума - Автор |
| Автор |
Димитров, Георги Георгиев |
| Авторска отговорност |
първи автор |
| R(LIN) |
322812 |
| 139 ## - Редно поле |
| Редна дума |
Димитров, Георги Георгиев |
| Авторски знак |
Дими - Д 58 |
| 245 10 - Сведения за заглавието |
| Заглавие |
Княжество България в историческо, географическо и етнографическо отношение |
| Подзаглавни данни |
В 3 ч. |
| Редно поле (дума) |
Георги Георгиев Димитров. |
| Том |
Ч. 2 |
| 257 ## - Страна на издаване |
| Страна на създаване/издаване |
България |
| 260 ## - Област на издателските данни |
| Място на издаване, разпространение и проч. |
Пловдив |
| Име на издателя, разпространителя и проч. |
Изд. авт. |
| Година на издаване |
1896 |
| Печатница |
София : Придворна печ. Б. Шимачек |
| -- |
Пловдив : Търг. печ. |
| 300 ## - Физическа характеристика |
| Страници |
539 с. |
| Илюстрации и др. |
с ил., 4 л. : портр. |
| Размери/Мащаб |
20 см |
| 380 ## - Жанр |
| Жанр |
История |
| 490 ## - СЕРИИ (Колекции) |
| 9 (RLIN) |
435080 |
| Име на серия |
Колекция Редки и ценни издания |
| 500 ## - Общи забележки |
| Забележка |
Ч. 3 не издадена. |
| 650 #0 - Допълнително описание по предмет – тема |
| Основно описание – тема или топоним |
България - история |
| 9 (RLIN) |
244493 |
| 650 #7 - Допълнително описание по предмет – тема |
| Основно описание – тема или топоним |
България - география |
| Източник на редна или ключова дума |
|
| 9 (RLIN) |
149509 |
| 650 #4 - Допълнително описание по предмет – тема |
| Основно описание – тема или топоним |
Българи - бит |
| 9 (RLIN) |
306121 |
| 651 #4 - Допълнително описание по предмет - топоним |
| Географско понятие |
България |
| 9 (RLIN) |
241624 |
| 653 ## - Ключова дума – ненормативна |
| Ключова дума |
българска история |
| 653 ## - Ключова дума – ненормативна |
| Ключова дума |
етнография |
| 760 1# - Описание на основната серия |
| Редна дума на основното описание |
Димитров, Георги Георгиев |
| Място на издаване, издател и година |
Пловдив, 1896 |
| Страници - том |
539 с. : с ил., портр. |
| Част - том |
Ч. 2 |
| 852 ## - Местоположение |
| Форматна сигнатура |
Рб 896 |
| Фондова буква |
Редки и ценни |
| 852 ## - Местоположение |
| Форматна сигнатура |
К 94(497.2)/Д 58 Г |
| Фондова буква |
Краезнание |
| 856 4# - Електронен адрес и достъп |
| Електронен формат |
pdf - файл |
| Инструкция (цена за достъп) |
0.00 |
| Права за достъп |
Достъп за регистрирани потребители |
| Име на файл |
Княжество България в историческо, географическо и етнографическо отношение |
| Път до файла /url/ |
http://185.138.176.146:18082/cgi-bin/koha/opac-retrieve-file.pl?id=82bc5071a559a505d7f9d66d0a056986 |
| Допълнителна информация (Корица, съдържание, пълен текст, звуков файл, HTML файл) |
Електронна книга |
| Информация за съдържанието |
Княжество България в историческо, географическо и етнографическо отношение |
| 856 4# - Електронен адрес и достъп |
| Електронен формат |
pdf - файл |
| Инструкция (цена за достъп) |
0.00 |
| Права за достъп |
disable |
| 942 ## - АРТИКУЛИ |
| Вид на библиотечния материал |
Книги |
| Скрит в OPAC |
Не |
| Периодичен библиозапис |
Да |
| 944 ## - СЪЗДАВАНЕ И РЕДАКЦИЯ на ЗАПИСА |
| Създаване/Редакция |
Създаване |
| Дата на регистрацията/редакция |
17.12.2012 |
| Статус, дата на статуса |
Геновева Генчева |
| Служител, извършил регистрацията/редакцията |
30560 |
| 944 ## - СЪЗДАВАНЕ И РЕДАКЦИЯ на ЗАПИСА |
| Създаване/Редакция |
Редакция |
| Дата на регистрацията/редакция |
2023-04-20 |
| Служител, извършил регистрацията/редакцията |
Кети |
| 999 ## - СИСТЕМНИ КОНТРОЛНИ НОМЕРА |
| Koha biblionumber |
131640 |
| Koha biblioitemnumber |
131640 |
| 999 ## - СИСТЕМНИ КОНТРОЛНИ НОМЕРА |
| Koha biblioitemnumber |
131640 |
| 999 ## - СИСТЕМНИ КОНТРОЛНИ НОМЕРА |
| Koha biblioitemnumber |
131640 |